MARC details
| 000 -LEADER |
| campo de control de longitud fija |
01788cam a2200361Ia 4500 |
| 001 - NÚMERO DE CONTROL |
| campo de control |
9065072 |
| 005 - FECHA Y HORA DE LA ÚLTIMA TRANSACCIÓN |
| campo de control |
20220326193300.0 |
| 008 - DATOS DE LONGITUD FIJA--INFORMACIÓN GENERAL |
| campo de control de longitud fija |
090415s2008 sp b 000 0 spa d |
| 020 ## - NÚMERO INTERNACIONAL ESTÁNDAR DEL LIBRO |
| Número Internacional Estándar del Libro |
9788492505012 (Museu d'Art Contemporani de Barcelona) |
| 020 ## - NÚMERO INTERNACIONAL ESTÁNDAR DEL LIBRO |
| Número Internacional Estándar del Libro |
849250501X (Museu d'Art Contemporani de Barcelona) |
| 020 ## - NÚMERO INTERNACIONAL ESTÁNDAR DEL LIBRO |
| ISBN cancelado o inválido |
8449025754 (Universitat Autònoma de Barcelona, Servei de Publicacions) |
| 035 ## - NÚMERO DE CONTROL DEL SISTEMA |
| Número de control de sistema |
(OCoLC)ocn773076777 |
| 035 ## - NÚMERO DE CONTROL DEL SISTEMA |
| Número de control de sistema |
(OCoLC)773076777 |
| 035 ## - NÚMERO DE CONTROL DEL SISTEMA |
| Número de control de sistema |
(NNC)9065072 |
| 040 ## - FUENTE DE CATALOGACIÓN |
| Centro catalogador/agencia de origen |
ZCU |
| Centro/agencia transcriptor |
ZCU |
| 043 ## - CÓDIGO DE ÁREA GEOGRÁFICA |
| Código de área geográfica |
e-it--- |
| 082 ## - NÚMERO DE LA CLASIFICACIÓN DECIMAL DEWEY |
| Número de clasificación |
306.0943 |
| Número de ítem |
D372f |
| 100 1# - ENTRADA PRINCIPAL--NOMBRE DE PERSONA |
| Nombre de persona |
De Martino, Ernesto, |
| Fechas asociadas al nombre |
1908-1965. |
| 9 (RLIN) |
1375 |
| 245 13 - MENCIÓN DEL TÍTULO |
| Título |
El folclore progresivo y otros ensayos / |
| Mención de responsabilidad, etc. |
Ernesto de Martino ; edición a cargo de Carles Feixa ; [traducción de Carles Feixa]. |
| 260 ## - PUBLICACIÓN, DISTRIBUCIÓN, ETC. |
| Lugar de publicación, distribución, etc. |
Barcelona : |
| Nombre del editor, distribuidor, etc. |
Museu d'Art Contemporani de Barcelona ; |
| Lugar de publicación, distribución, etc. |
Cerdanyola del Vallès : |
| Nombre del editor, distribuidor, etc. |
Universitat Autònoma de Barcelona, Servei de Publicacions, |
| Fecha de publicación, distribución, etc. |
2008. |
| 300 ## - DESCRIPCIÓN FÍSICA |
| Extensión |
125 p. ; |
| Dimensiones |
20 cm. |
| 490 1# - MENCIÓN DE SERIE |
| Mención de serie |
ContraTextos ; |
| Designación de volumen o secuencia |
6 |
| 505 ## - NOTA DE CONTENIDO CON FORMATO |
| Título |
El folclore progresivo y otros ensayos, Ernesto de Martino. |
| -- |
Mas alla de Eboli: Gramsci, De Martino y el debate sobre la cultura subalterna en Italia, Carles Feixa. |
| -- |
Cultura y clase obrera, Ernesto de Martino. |
| -- |
En torno a una historia del mundo popular subalterno, Ernesto de Martino. |
| -- |
El folclore Progresivo, Ernesto de Martino. |
| -- |
Gramsci y el folclore, Ernesto de Martino. |
| -- |
Bibliografia seleccionada, Carles Feixa. |
| 600 10 - PUNTO DE ACCESO ADICIONAL DE MATERIA--NOMBRE DE PERSONA |
| Nombre de persona |
Gramsci, Antonio, |
| Fechas asociadas al nombre |
1891-1937. |
| 9 (RLIN) |
1376 |
| 650 #0 - PUNTO DE ACCESO ADICIONAL DE MATERIA--TÉRMINO DE MATERIA |
| Término de materia o nombre geográfico como elemento de entrada |
Popular culture. |
| 9 (RLIN) |
1377 |
| 650 #0 - PUNTO DE ACCESO ADICIONAL DE MATERIA--TÉRMINO DE MATERIA |
| Término de materia o nombre geográfico como elemento de entrada |
Popular culture |
| Subdivisión geográfica |
Italy. |
| 9 (RLIN) |
1378 |
| 655 ## - TERMINO DE INDIZACIÓN--GENERO/FORMA |
| Datos o término principal de género/forma |
Antropologia social |
| 9 (RLIN) |
1379 |
| 700 1# - ENTRADA AGREGADA--NOMBRE PERSONAL |
| Nombre de persona |
Feixa, Carles, |
| Fechas asociadas al nombre |
1962- |
| 9 (RLIN) |
1380 |
| 830 #0 - PUNTO DE ACCESO ADICIONAL DE SERIE-TÍTULO UNIFORME |
| Título uniforme |
ContraTextos ; |
| Designación de volumen o secuencia |
6. |
| 9 (RLIN) |
1381 |
| 948 0# - PROCESAMIENTO DE INFORMACIÓN LOCAL (OCLC); DESIGNADOR DE PARTE DE LA SERIE (RLIN) |
| Designador de la parte de la serie, SPT (RLIN) |
20111027 |
| b (OCLC) |
b |
| c (OCLC) |
fra1 |
| d (OCLC) |
OSMC |
| 948 1# - PROCESAMIENTO DE INFORMACIÓN LOCAL (OCLC); DESIGNADOR DE PARTE DE LA SERIE (RLIN) |
| Designador de la parte de la serie, SPT (RLIN) |
20120117 |
| b (OCLC) |
o |
| c (OCLC) |
iw2117 |
| d (OCLC) |
OSMC |